[Event "Irena Warakomska Memorial A"]
[Site "Suwalki"]
[Date "2021.08.02"]
[Round "8"]
[White "Piekielny, Pawel"]
[Black "Derylo, Kamil"]
[Result "1/2-1/2"]
[Board "33"]
[WhiteElo "2150"]
[WhiteCountry "POL"]
[WhiteFideId "21838828"]
[WhiteEloChange "-2"]
[BlackElo "2062"]
[BlackCountry "POL"]
[BlackFideId "21846596"]
[BlackEloChange "2"]

1. e4 {[%clk 1:30:59]} c5 {[%clk 1:26:56]} 2. Nf3 {[%clk 1:31:23]} d6 {[%clk
1:27:20]} 3. d4 {[%clk 1:31:48]} cxd4 {[%clk 1:27:44]} 4. Nxd4 {[%clk 1:32:13]}
Nf6 {[%clk 1:28:07]} 5. Nc3 {[%clk 1:32:37]} a6 {[%clk 1:28:31]} 6. Bg5 {[%clk
1:33:00]} e6 {[%clk 1:28:26]} 7. f4 {[%clk 1:33:25]} Be7 {[%clk 1:28:10]} 8. Qf3
{[%clk 1:33:43]} Qc7 {[%clk 1:28:18]} 9. O-O-O {[%clk 1:34:04]} Nbd7 {[%clk
1:28:33]} 10. g4 {[%clk 1:34:27]} h6 {[%clk 1:28:23]} 11. Bxf6 {[%clk 1:34:46]}
Bxf6 {[%clk 1:28:40]} 12. h4 {[%clk 1:31:15]} Nb6 {[%clk 1:28:28]} 13. g5 {[%clk
1:30:33]} Bxd4 {[%clk 1:28:07]} 14. Rxd4 {[%clk 1:30:59]} Qc5 {[%clk 1:28:26]}
15. Rd2 {[%clk 1:25:37]} Bd7 {[%clk 1:27:54]} 16. Qd3 {[%clk 1:19:31]} hxg5
{[%clk 1:25:12]} 17. fxg5 {[%clk 1:19:56]} Ke7 {[%clk 1:25:05]} 18. Be2 {[%clk
1:15:35]} Bb5 {[%clk 1:15:35]} 19. Qf3 {[%clk 1:08:05]} Bxe2 {[%clk 1:14:30]} 20.
Rxe2 {[%clk 1:07:36]} Nc4 {[%clk 1:05:12]} 21. e5 {[%clk 1:06:41]} Qc6 {[%clk
0:56:00]} 22. exd6+ {[%clk 1:01:02]} Nxd6 {[%clk 0:56:07]} 23. Ne4 {[%clk
0:58:33]} Nxe4 {[%clk 0:50:54]} 24. Rxe4 {[%clk 0:57:50]} Rad8 {[%clk 0:45:33]}
25. Rf1 {[%clk 0:47:03]} Rhf8 {[%clk 0:45:06]} 26. Rfe1 {[%clk 0:43:58]} Qd5
{[%clk 0:36:34]} 27. Kb1 {[%clk 0:38:58]} Rd6 {[%clk 0:35:43]} 28. a3 {[%clk
0:39:09]} Qc6 {[%clk 0:32:58]} 29. Qf2 {[%clk 0:27:56]} Qb6 {[%clk 0:28:56]} 30.
Qf4 {[%clk 0:23:44]} Rfd8 {[%clk 0:26:02]} 31. Ka2 {[%clk 0:19:06]} Rd4 {[%clk
0:17:36]} 32. g6 {[%clk 0:18:55]} f6 {[%clk 0:17:54]} 33. Rxe6+ {[%clk 0:17:57]}
Qxe6+ {[%clk 0:18:16]} 34. Rxe6+ {[%clk 0:18:24]} Kxe6 {[%clk 0:18:38]} 35. Qf3
{[%clk 0:14:34]} R8d7 {[%clk 0:17:40]} 36. h5 {[%clk 0:08:11]} f5 {[%clk
0:16:58]} 37. Qh3 {[%clk 0:05:10]} Kf6 {[%clk 0:16:22]} 38. c3 {[%clk 0:04:27]}
Re4 {[%clk 0:13:49]} 39. Qg3 {[%clk 0:03:21]} Rde7 {[%clk 0:08:38]} 40. Kb3
{[%clk 0:32:50]} R7e5 {[%clk 0:38:59]} 41. a4 {[%clk 0:22:19]} a5 {[%clk
0:33:10]} 42. h6 {[%clk 0:21:06]} Rg4 {[%clk 0:31:14]} 43. hxg7 {[%clk 0:21:17]}
Rxg3 {[%clk 0:30:42]} 44. g8=Q {[%clk 0:21:43]} Rxg6 {[%clk 0:30:38]} 45. Qd8+
{[%clk 0:21:55]} Re7 {[%clk 0:27:43]} 46. Qxa5 {[%clk 0:22:10]} Rg2 {[%clk
0:24:47]} 47. Qd8 {[%clk 0:19:10]} Re2 {[%clk 0:24:20]} 48. Qg8 {[%clk 0:17:57]}
f4 {[%clk 0:22:50]} 49. Qg4 {[%clk 0:18:23]} R2e4 {[%clk 0:22:08]} 50. Ka3 {[%clk
0:15:10]} Rg7 {[%clk 0:21:33]} 51. Qh4+ {[%clk 0:14:29]} Rg5 {[%clk 0:20:30]} 52.
Qh8+ {[%clk 0:13:50]} Rg7 {[%clk 0:19:08]} 53. Qh4+ {[%clk 0:14:01]} Rg5 {[%clk
0:15:44]} 54. Qh6+ {[%clk 0:09:41]} Rg6 {[%clk 0:13:25]} 55. Qh1 {[%clk 0:10:04]}
Re5 {[%clk 0:10:13]} 56. Qxb7 {[%clk 0:09:44]} Kf5 {[%clk 0:10:21]} 57. b4 {[%clk
0:08:19]} Re3 {[%clk 0:08:27]} 58. Qc8+ {[%clk 0:08:39]} Rge6 {[%clk 0:08:00]}
59. Qc5+ {[%clk 0:03:55]} R6e5 {[%clk 0:07:37]} 60. Qc8+ {[%clk 0:03:57]} Kg5
{[%clk 0:06:54]} 61. Qg8+ {[%clk 0:03:26]} Kh4 {[%clk 0:07:06]} 62. Qh8+ {[%clk
0:03:43]} Kg3 {[%clk 0:07:09]} 63. Qg7+ {[%clk 0:03:36]} Kf2 {[%clk 0:06:43]} 64.
a5 {[%clk 0:03:57]} f3 {[%clk 0:04:07]} 65. a6 {[%clk 0:04:23]} Ke2 {[%clk
0:03:45]} 66. a7 {[%clk 0:03:51]} Re8 {[%clk 0:04:05]} 67. Qg4 {[%clk 0:03:48]}
Ra8 {[%clk 0:02:58]} 68. Qc4+ {[%clk 0:03:51]} Ke1 {[%clk 0:02:41]} 69. Qd4
{[%clk 0:04:04]} Re2 {[%clk 0:01:51]} 70. Qg1+ {[%clk 0:03:41]} Kd2 {[%clk
0:02:20]} 71. Qg5+ {[%clk 0:03:16]} Ke1 {[%clk 0:02:10]} 72. Kb3 {[%clk 0:02:11]}
Ree8 {[%clk 0:01:08]} 73. Qc1+ {[%clk 0:01:51]} Ke2 {[%clk 0:01:22]} 74. Qc2+
{[%clk 0:02:15]} Ke1 {[%clk 0:01:46]} 75. Qc1+ {[%clk 0:02:42]} Kf2 {[%clk
0:01:40]} 76. Qc2+ {[%clk 0:01:09]} Kf1 {[%clk 0:01:46]} 77. Qd3+ {[%clk
0:01:33]} Kg2 {[%clk 0:02:03]} 78. Qg6+ {[%clk 0:01:56]} Kf1 {[%clk 0:02:11]} 79.
Qd3+ {[%clk 0:01:59]} Kf2 {[%clk 0:02:35]} 80. Qc2+ {[%clk 0:01:41]} 1/2-1/2

[Event "Irena Warakomska Memorial A"]
[Site "Suwalki"]
[Date "2021.08.02"]
[Round "8"]
[White "Kaczmarek, Arkadiusz"]
[Black "Jarocka, Liwia"]
[Result "1-0"]
[Board "34"]
[WhiteElo "2147"]
[WhiteCountry "POL"]
[WhiteFideId "1178393"]
[WhiteEloChange "6"]
[BlackElo "1984"]
[BlackTitle "FM"]
[BlackCountry "POL"]
[BlackFideId "21807558"]
[BlackEloChange "-6"]

1. d4 {[%clk 1:30:54]} Nf6 {[%clk 1:30:50]} 2. c4 {[%clk 1:31:08]} e6 {[%clk
1:31:12]} 3. Nf3 {[%clk 1:31:20]} d5 {[%clk 1:31:27]} 4. Nc3 {[%clk 1:31:34]}
dxc4 {[%clk 1:31:41]} 5. e4 {[%clk 1:31:40]} b5 {[%clk 1:31:59]} 6. e5 {[%clk
1:31:43]} Nd5 {[%clk 1:32:17]} 7. Nxb5 {[%clk 1:32:00]} Nb6 {[%clk 1:32:35]} 8.
Be2 {[%clk 1:32:15]} Be7 {[%clk 1:32:49]} 9. O-O {[%clk 1:32:26]} Nc6 {[%clk
1:33:05]} 10. Be3 {[%clk 1:32:42]} O-O {[%clk 1:32:17]} 11. Qc1 {[%clk 1:32:07]}
Rb8 {[%clk 1:31:41]} 12. Nc3 {[%clk 1:23:08]} Nb4 {[%clk 1:23:59]} 13. Rd1 {[%clk
1:21:30]} Bb7 {[%clk 1:22:05]} 14. Nd2 {[%clk 1:16:38]} Ba6 {[%clk 1:14:23]} 15.
a3 {[%clk 0:51:56]} Nd3 {[%clk 1:00:03]} 16. Qc2 {[%clk 0:51:07]} Nd5 {[%clk
0:57:03]} 17. b4 {[%clk 0:40:35]} Bxb4 {[%clk 0:41:38]} 18. axb4 {[%clk 0:35:00]}
N5xb4 {[%clk 0:42:00]} 19. Qa4 {[%clk 0:30:21]} Nb2 {[%clk 0:40:37]} 20. Qa5
{[%clk 0:30:40]} Nxd1 {[%clk 0:40:23]} 21. Rxd1 {[%clk 0:30:52]} c6 {[%clk
0:37:56]} 22. Qa4 {[%clk 0:26:04]} Nd5 {[%clk 0:35:25]} 23. Nde4 {[%clk 0:23:18]}
Bb5 {[%clk 0:35:07]} 24. Qxa7 {[%clk 0:20:51]} Ra8 {[%clk 0:33:43]} 25. Qc5
{[%clk 0:21:06]} Qa5 {[%clk 0:32:39]} 26. Bd2 {[%clk 0:15:25]} Qa7 {[%clk
0:24:36]} 27. Nd6 {[%clk 0:09:51]} Qxc5 {[%clk 0:19:49]} 28. dxc5 {[%clk
0:10:17]} Ba4 {[%clk 0:19:53]} 29. Nxa4 {[%clk 0:05:44]} Rxa4 {[%clk 0:20:16]}
30. Nxc4 {[%clk 0:05:52]} Ra2 {[%clk 0:19:54]} 31. Bd3 {[%clk 0:03:53]} Rfa8
{[%clk 0:19:44]} 32. g3 {[%clk 0:03:51]} Rb8 {[%clk 0:18:42]} 33. Bb1 {[%clk
0:02:40]} Ra4 {[%clk 0:17:20]} 34. Bd3 {[%clk 0:02:15]} g6 {[%clk 0:17:02]} 35.
h4 {[%clk 0:02:14]} Ra2 {[%clk 0:16:20]} 36. Nd6 {[%clk 0:01:50]} Rbb2 {[%clk
0:13:47]} 37. Ne4 {[%clk 0:02:18]} Kg7 {[%clk 0:13:54]} 38. Kf1 {[%clk 0:02:22]}
h6 {[%clk 0:13:41]} 39. Ke1 {[%clk 0:01:48]} Ra4 {[%clk 0:13:09]} 40. Nd6 {[%clk
0:30:40]} Raa2 {[%clk 0:41:34]} 41. Bc4 {[%clk 0:19:59]} Ra7 {[%clk 0:40:38]} 42.
Bxd5 {[%clk 0:18:37]} cxd5 {[%clk 0:38:05]} 43. c6 {[%clk 0:13:25]} Kg8 {[%clk
0:38:16]} 44. Rc1 {[%clk 0:13:29]} 1-0

[Event "Irena Warakomska Memorial A"]
[Site "Suwalki"]
[Date "2021.08.02"]
[Round "8"]
[White "Dwilewicz, Katarzyna"]
[Black "Dylag, Emilia"]
[Result "1/2-1/2"]
[Board "35"]
[WhiteElo "2082"]
[WhiteTitle "WFM"]
[WhiteCountry "POL"]
[WhiteFideId "1148486"]
[WhiteEloChange "2"]
[BlackElo "2144"]
[BlackTitle "WFM"]
[BlackCountry "POL"]
[BlackFideId "21805172"]
[BlackEloChange "-2"]

1. e4 {[%clk 1:28:23]} e5 {[%clk 1:30:55]} 2. Nf3 {[%clk 1:28:48]} Nc6 {[%clk
1:31:18]} 3. Nc3 {[%clk 1:28:47]} Nf6 {[%clk 1:31:18]} 4. d4 {[%clk 1:29:07]}
exd4 {[%clk 1:31:28]} 5. Nxd4 {[%clk 1:29:31]} Bb4 {[%clk 1:31:28]} 6. Nxc6
{[%clk 1:29:40]} bxc6 {[%clk 1:31:44]} 7. Bd3 {[%clk 1:30:01]} d5 {[%clk
1:31:53]} 8. exd5 {[%clk 1:30:20]} cxd5 {[%clk 1:32:16]} 9. O-O {[%clk 1:30:43]}
O-O {[%clk 1:32:26]} 10. Bg5 {[%clk 1:30:26]} c6 {[%clk 1:32:01]} 11. Qf3 {[%clk
1:30:27]} Rb8 {[%clk 1:32:03]} 12. h3 {[%clk 1:29:23]} Bd6 {[%clk 1:31:24]} 13.
b3 {[%clk 1:27:40]} Be5 {[%clk 1:26:28]} 14. Bd2 {[%clk 1:26:19]} Re8 {[%clk
1:09:00]} 15. Rae1 {[%clk 1:12:19]} Bd7 {[%clk 1:02:22]} 16. Na4 {[%clk 1:03:55]}
Bd6 {[%clk 0:56:39]} 17. Rxe8+ {[%clk 0:55:39]} Bxe8 {[%clk 0:53:11]} 18. Be3
{[%clk 0:54:41]} Qe7 {[%clk 0:48:00]} 19. Bd4 {[%clk 0:52:24]} c5 {[%clk
0:40:10]} 20. Bxf6 {[%clk 0:48:22]} Qxf6 {[%clk 0:40:33]} 21. Qxd5 {[%clk
0:35:27]} Bc6 {[%clk 0:39:55]} 22. Qf5 {[%clk 0:35:24]} Qxf5 {[%clk 0:37:23]} 23.
Bxf5 {[%clk 0:31:50]} g6 {[%clk 0:36:24]} 24. Rd1 {[%clk 0:19:04]} Bf8 {[%clk
0:29:25]} 25. Bd7 {[%clk 0:08:48]} Rd8 {[%clk 0:29:29]} 26. Bg4 {[%clk 0:09:13]}
Rxd1+ {[%clk 0:29:34]} 27. Bxd1 {[%clk 0:09:39]} Bxa4 {[%clk 0:29:58]} 28. bxa4
{[%clk 0:10:07]} c4 {[%clk 0:27:16]} 29. g4 {[%clk 0:06:09]} g5 {[%clk 0:26:34]}
30. Kg2 {[%clk 0:06:07]} c3 {[%clk 0:25:57]} 31. Kf3 {[%clk 0:06:03]} Bd6 {[%clk
0:24:02]} 32. Ke4 {[%clk 0:05:41]} Bf4 {[%clk 0:24:00]} 33. h4 {[%clk 0:04:34]}
h6 {[%clk 0:24:22]} 34. hxg5 {[%clk 0:03:23]} 1/2-1/2

[Event "Irena Warakomska Memorial A"]
[Site "Suwalki"]
[Date "2021.08.02"]
[Round "8"]
[White "Kumala, Aleksander"]
[Black "Stanisz, Patryk"]
[Result "0-1"]
[Board "36"]
[WhiteElo "2206"]
[WhiteTitle "CM"]
[WhiteCountry "POL"]
[WhiteFideId "1141880"]
[WhiteEloChange "-12"]
[BlackElo "2140"]
[BlackCountry "POL"]
[BlackFideId "1123106"]
[BlackEloChange "12"]

1. e4 {[%clk 1:30:57]} c6 {[%clk 1:30:46]} 2. d4 {[%clk 1:31:21]} d5 {[%clk
1:31:12]} 3. f3 {[%clk 1:31:47]} e6 {[%clk 1:31:35]} 4. Nc3 {[%clk 1:32:11]} b6
{[%clk 1:32:02]} 5. a3 {[%clk 1:30:58]} Ba6 {[%clk 1:31:55]} 6. Bxa6 {[%clk
1:31:13]} Nxa6 {[%clk 1:32:23]} 7. Qd3 {[%clk 1:31:02]} Nc7 {[%clk 1:30:36]} 8.
Be3 {[%clk 1:28:23]} Nf6 {[%clk 1:29:39]} 9. e5 {[%clk 1:19:53]} Nd7 {[%clk
1:30:02]} 10. f4 {[%clk 1:20:02]} Be7 {[%clk 1:29:14]} 11. Nf3 {[%clk 1:18:26]}
c5 {[%clk 1:26:48]} 12. O-O {[%clk 1:17:17]} cxd4 {[%clk 1:25:09]} 13. Bxd4
{[%clk 1:15:15]} Nc5 {[%clk 1:24:37]} 14. Qe2 {[%clk 1:11:17]} Qd7 {[%clk
1:23:11]} 15. b4 {[%clk 1:10:24]} Na4 {[%clk 1:23:00]} 16. Nxa4 {[%clk 1:02:18]}
Qxa4 {[%clk 1:23:15]} 17. g4 {[%clk 0:58:15]} h5 {[%clk 1:19:39]} 18. g5 {[%clk
0:51:22]} Rc8 {[%clk 1:12:19]} 19. g6 {[%clk 0:47:05]} fxg6 {[%clk 1:09:11]} 20.
Qd3 {[%clk 0:47:18]} O-O {[%clk 1:09:13]} 21. Qxg6 {[%clk 0:45:59]} Rxf4 {[%clk
1:05:32]} 22. Kh1 {[%clk 0:42:35]} Qe8 {[%clk 1:04:44]} 23. Qxe8+ {[%clk
0:41:47]} Rxe8 {[%clk 1:04:41]} 24. c3 {[%clk 0:41:43]} Ref8 {[%clk 1:04:15]} 25.
Kg2 {[%clk 0:40:39]} Nb5 {[%clk 1:03:48]} 26. a4 {[%clk 0:40:55]} Rg4+ {[%clk
1:01:19]} 27. Kh3 {[%clk 0:41:08]} Nxd4 {[%clk 0:59:11]} 28. Nxd4 {[%clk
0:41:32]} Rxf1 {[%clk 0:59:10]} 29. Rxf1 {[%clk 0:41:58]} Bxb4 {[%clk 0:59:34]}
30. Nxe6 {[%clk 0:41:56]} Bxc3 {[%clk 0:58:44]} 31. Rf5 {[%clk 0:42:16]} Rxa4
{[%clk 0:57:44]} 32. Nc7 {[%clk 0:41:15]} Re4 {[%clk 0:54:06]} 33. e6 {[%clk
0:41:23]} a5 {[%clk 0:39:38]} 34. Nxd5 {[%clk 0:41:05]} Rxe6 {[%clk 0:39:07]} 35.
Rxh5 {[%clk 0:41:01]} a4 {[%clk 0:37:21]} 36. Rh4 {[%clk 0:40:13]} b5 {[%clk
0:36:48]} 37. Kg2 {[%clk 0:40:06]} Ba5 {[%clk 0:36:14]} 38. Nf4 {[%clk 0:39:35]}
Re4 {[%clk 0:35:57]} 39. Kf3 {[%clk 0:39:53]} Rc4 {[%clk 0:35:13]} 40. Rh5 {[%clk
1:10:14]} a3 {[%clk 1:02:54]} 41. Ng6 {[%clk 1:10:20]} Rc3+ {[%clk 1:03:04]} 42.
Kg4 {[%clk 1:10:23]} a2 {[%clk 1:03:01]} 43. Rf5 {[%clk 1:10:46]} Bb4 {[%clk
1:01:15]} 0-1

[Event "Irena Warakomska Memorial A"]
[Site "Suwalki"]
[Date "2021.08.02"]
[Round "8"]
[White "Kukula, Pawel"]
[Black "Jankowiak, Piotr"]
[Result "0-1"]
[Board "37"]
[WhiteElo "2195"]
[WhiteCountry "POL"]
[WhiteFideId "1115081"]
[WhiteEloChange "-14"]
[BlackElo "2039"]
[BlackCountry "POL"]
[BlackFideId "1185250"]
[BlackEloChange "14"]

1. d4 {[%clk 1:30:56]} Nf6 {[%clk 1:30:53]} 2. Nf3 {[%clk 1:30:36]} d5 {[%clk
1:30:54]} 3. c4 {[%clk 1:30:42]} c6 {[%clk 1:31:06]} 4. Qc2 {[%clk 1:31:03]} g6
{[%clk 1:21:42]} 5. Bf4 {[%clk 1:31:06]} Bf5 {[%clk 1:14:09]} 6. Qb3 {[%clk
1:31:25]} Qb6 {[%clk 1:14:20]} 7. e3 {[%clk 1:27:49]} Bxb1 {[%clk 1:07:46]} 8.
Rxb1 {[%clk 1:28:07]} e6 {[%clk 1:05:56]} 9. c5 {[%clk 1:23:20]} Qxb3 {[%clk
1:05:54]} 10. axb3 {[%clk 1:23:44]} Nbd7 {[%clk 1:05:08]} 11. h3 {[%clk 1:23:43]}
Bg7 {[%clk 1:00:46]} 12. b4 {[%clk 1:20:10]} a6 {[%clk 1:00:04]} 13. Ra1 {[%clk
1:20:32]} O-O {[%clk 0:57:08]} 14. Be2 {[%clk 1:12:30]} Ne4 {[%clk 0:50:27]} 15.
O-O {[%clk 1:12:23]} f6 {[%clk 0:39:25]} 16. Ra3 {[%clk 1:10:27]} e5 {[%clk
0:38:46]} 17. Bh2 {[%clk 1:10:09]} Rae8 {[%clk 0:37:39]} 18. Rd1 {[%clk 1:05:55]}
f5 {[%clk 0:30:05]} 19. dxe5 {[%clk 0:59:13]} Nxe5 {[%clk 0:30:18]} 20. Nd4
{[%clk 0:59:21]} Rf7 {[%clk 0:27:06]} 21. f3 {[%clk 0:54:47]} Nf6 {[%clk
0:26:53]} 22. g4 {[%clk 0:54:49]} Nc4 {[%clk 0:15:58]} 23. Bxc4 {[%clk 0:54:28]}
dxc4 {[%clk 0:16:21]} 24. gxf5 {[%clk 0:54:19]} Nd5 {[%clk 0:16:23]} 25. e4
{[%clk 0:52:30]} Nxb4 {[%clk 0:16:22]} 26. fxg6 {[%clk 0:52:12]} hxg6 {[%clk
0:16:30]} 27. Kg2 {[%clk 0:45:08]} Nd3 {[%clk 0:06:46]} 28. Rdxd3 {[%clk
0:42:50]} cxd3 {[%clk 0:07:15]} 29. Rxd3 {[%clk 0:43:06]} Rd7 {[%clk 0:01:57]}
30. Bd6 {[%clk 0:43:03]} Be5 {[%clk 0:02:26]} 31. Bxe5 {[%clk 0:28:37]} Rxe5
{[%clk 0:02:53]} 32. b4 {[%clk 0:29:00]} a5 {[%clk 0:02:46]} 33. bxa5 {[%clk
0:23:12]} Rxc5 {[%clk 0:03:14]} 34. Kf2 {[%clk 0:23:32]} Rxa5 {[%clk 0:03:30]}
35. Ke3 {[%clk 0:23:29]} c5 {[%clk 0:02:06]} 36. Nb3 {[%clk 0:21:29]} Rxd3+
{[%clk 0:02:22]} 37. Kxd3 {[%clk 0:21:50]} Ra3 {[%clk 0:02:42]} 38. Kc3 {[%clk
0:22:07]} b6 {[%clk 0:02:45]} 39. Kb2 {[%clk 0:21:07]} Ra7 {[%clk 0:02:58]} 40.
Kc3 {[%clk 0:51:30]} Kf7 {[%clk 0:31:16]} 0-1

[Event "Irena Warakomska Memorial A"]
[Site "Suwalki"]
[Date "2021.08.02"]
[Round "8"]
[White "Kozlowski, Michal"]
[Black "Krainski, Aleksander"]
[Result "0-1"]
[Board "38"]
[WhiteElo "2043"]
[WhiteCountry "POL"]
[WhiteFideId "21838194"]
[WhiteEloChange "-9"]
[BlackElo "2066"]
[BlackTitle "FM"]
[BlackCountry "POL"]
[BlackFideId "1102400"]
[BlackEloChange "9"]

1. e4 {[%clk 1:30:58]} e6 {[%clk 1:30:47]} 2. d4 {[%clk 1:31:23]} d5 {[%clk
1:31:11]} 3. Nd2 {[%clk 1:31:35]} c5 {[%clk 1:31:08]} 4. dxc5 {[%clk 1:24:38]}
Bxc5 {[%clk 1:27:37]} 5. Nb3 {[%clk 1:25:01]} Bb6 {[%clk 1:27:11]} 6. exd5 {[%clk
1:24:23]} exd5 {[%clk 1:27:24]} 7. Bd3 {[%clk 1:22:12]} Nf6 {[%clk 1:24:53]} 8.
Bg5 {[%clk 1:20:06]} O-O {[%clk 1:24:39]} 9. Ne2 {[%clk 1:16:22]} Bxf2+ {[%clk
1:17:15]} 10. Kf1 {[%clk 1:16:40]} Bb6 {[%clk 1:15:53]} 11. Qd2 {[%clk 1:14:21]}
a5 {[%clk 0:58:07]} 12. Qf4 {[%clk 1:14:11]} Nbd7 {[%clk 0:57:31]} 13. Nbd4
{[%clk 1:04:17]} Qc7 {[%clk 0:46:53]} 14. Nf5 {[%clk 0:34:39]} Qxf4+ {[%clk
0:45:28]} 15. Nxf4 {[%clk 0:35:07]} Re8 {[%clk 0:37:04]} 16. Re1 {[%clk 0:30:39]}
Rxe1+ {[%clk 0:35:22]} 17. Kxe1 {[%clk 0:31:07]} Bc5 {[%clk 0:35:44]} 18. Kd1
{[%clk 0:11:12]} h6 {[%clk 0:30:36]} 19. Bh4 {[%clk 0:10:31]} Bf8 {[%clk
0:30:48]} 20. Bxf6 {[%clk 0:09:20]} Nxf6 {[%clk 0:31:12]} 21. Ne3 {[%clk
0:08:00]} Be6 {[%clk 0:25:13]} 22. Nxe6 {[%clk 0:07:58]} fxe6 {[%clk 0:25:37]}
23. Ke2 {[%clk 0:08:15]} Bd6 {[%clk 0:24:58]} 24. g3 {[%clk 0:08:38]} Rd8 {[%clk
0:23:34]} 25. Rf1 {[%clk 0:08:20]} Bc5 {[%clk 0:19:27]} 26. Ng2 {[%clk 0:07:48]}
e5 {[%clk 0:13:26]} 27. Bf5 {[%clk 0:07:44]} Rd6 {[%clk 0:13:03]} 28. Nh4 {[%clk
0:05:32]} Rb6 {[%clk 0:12:56]} 29. b3 {[%clk 0:05:58]} Bb4 {[%clk 0:10:43]} 30.
Ng6 {[%clk 0:04:54]} e4 {[%clk 0:09:50]} 31. g4 {[%clk 0:02:36]} Nxg4 {[%clk
0:08:18]} 32. Nf4 {[%clk 0:00:45]} Nxh2 {[%clk 0:04:03]} 33. Rd1 {[%clk 0:00:31]}
Nf3 {[%clk 0:03:21]} 34. Nxd5 {[%clk 0:00:41]} Rd6 {[%clk 0:02:02]} 35. Bxe4
{[%clk 0:00:37]} Ng5 {[%clk 0:02:26]} 36. Bf5 {[%clk 0:00:43]} Kf7 {[%clk
0:02:13]} 37. c4 {[%clk 0:00:50]} g6 {[%clk 0:02:25]} 38. Bc8 {[%clk 0:01:18]} b6
{[%clk 0:02:39]} 39. Ra1 {[%clk 0:00:45]} Ba3 {[%clk 0:02:22]} 40. Rf1+ {[%clk
0:30:46]} Kg7 {[%clk 0:02:08]} 41. Rg1 {[%clk 0:15:23]} Rd8 {[%clk 0:31:06]} 42.
Bb7 {[%clk 0:15:01]} Bc5 {[%clk 0:31:28]} 43. Ra1 {[%clk 0:14:45]} Ne4 {[%clk
0:28:07]} 44. a3 {[%clk 0:07:35]} Nf6 {[%clk 0:23:30]} 45. Kd3 {[%clk 0:02:40]}
g5 {[%clk 0:19:20]} 46. Kc3 {[%clk 0:02:26]} g4 {[%clk 0:19:04]} 47. b4 {[%clk
0:02:48]} axb4+ {[%clk 0:19:06]} 48. axb4 {[%clk 0:03:13]} Nxd5+ {[%clk 0:19:28]}
49. cxd5 {[%clk 0:03:42]} Bf2 {[%clk 0:19:48]} 50. Rd1 {[%clk 0:03:25]} Rd6
{[%clk 0:18:17]} 51. Bc8 {[%clk 0:03:05]} g3 {[%clk 0:18:38]} 52. Bh3 {[%clk
0:03:50]} Kf6 {[%clk 0:18:45]} 53. Kc4 {[%clk 0:03:03]} Ke5 {[%clk 0:19:00]} 54.
Bg2 {[%clk 0:03:00]} Kf4 {[%clk 0:19:19]} 55. Rh1 {[%clk 0:02:40]} Ke3 {[%clk
0:19:13]} 56. Rh5 {[%clk 0:02:00]} Kf4 {[%clk 0:18:45]} 57. Rh1 {[%clk 0:00:40]}
Kg4 {[%clk 0:18:59]} 58. Kb5 {[%clk 0:00:15]} Be3 {[%clk 0:17:36]} 59. Kc4 {[%clk
0:00:49]} Rf6 {[%clk 0:14:26]} 60. Kd3 {[%clk 0:00:51]} Bf4 {[%clk 0:13:53]} 61.
Bh3+ {[%clk 0:00:37]} Kg5 {[%clk 0:14:10]} 62. b5 {[%clk 0:00:01]} Bd6 {[%clk
0:13:01]} 63. Rf1 {[%clk 0:00:52]} Rxf1 {[%clk 0:12:34]} 64. Bxf1 {[%clk
0:01:21]} Kg4 {[%clk 0:12:58]} 65. Ke3 {[%clk 0:00:33]} h5 {[%clk 0:12:18]} 66.
Ke4 {[%clk 0:00:49]} h4 {[%clk 0:12:24]} 67. Bg2 {[%clk 0:01:01]} h3 {[%clk
0:12:46]} 68. Bf3+ {[%clk 0:01:28]} Kh4 {[%clk 0:13:12]} 69. Ke3 {[%clk 0:01:52]}
Bc5+ {[%clk 0:13:31]} 0-1

[Event "Irena Warakomska Memorial A"]
[Site "Suwalki"]
[Date "2021.08.03"]
[Round "9"]
[White "Socko, Bartosz"]
[Black "Nasuta, Grzegorz"]
[Result "1/2-1/2"]
[Board "1"]
[WhiteElo "2619"]
[WhiteTitle "GM"]
[WhiteCountry "POL"]
[WhiteFideId "1107038"]
[WhiteEloChange "-1"]
[BlackElo "2518"]
[BlackTitle "GM"]
[BlackCountry "POL"]
[BlackFideId "1141686"]
[BlackEloChange "1"]

1. e4 {[%clk 1:30:57]} e5 {[%clk 1:30:29]} 2. Nf3 {[%clk 1:31:21]} Nc6 {[%clk
1:30:54]} 3. Bc4 {[%clk 1:31:46]} Nf6 {[%clk 1:27:26]} 4. d3 {[%clk 1:31:52]} Bc5
{[%clk 1:27:07]} 5. O-O {[%clk 1:32:06]} d6 {[%clk 1:25:29]} 6. c3 {[%clk
1:32:13]} a6 {[%clk 1:25:21]} 7. a4 {[%clk 1:32:35]} Ba7 {[%clk 1:25:32]} 8. Re1
{[%clk 1:32:51]} O-O {[%clk 1:23:41]} 9. h3 {[%clk 1:33:08]} h6 {[%clk 1:24:00]}
10. Nbd2 {[%clk 1:33:29]} Re8 {[%clk 1:24:15]} 11. Nf1 {[%clk 1:33:45]} Be6
{[%clk 1:23:23]} 12. Bxe6 {[%clk 1:33:48]} Rxe6 {[%clk 1:23:47]} 13. Be3 {[%clk
1:33:40]} Bxe3 {[%clk 1:22:34]} 14. Nxe3 {[%clk 1:34:01]} Ne7 {[%clk 1:22:00]}
15. b4 {[%clk 1:32:03]} d5 {[%clk 1:20:23]} 16. Qc2 {[%clk 1:31:11]} Ng6 {[%clk
1:18:36]} 17. Rad1 {[%clk 1:28:59]} Qd7 {[%clk 1:03:57]} 18. d4 {[%clk 0:54:15]}
exd4 {[%clk 0:50:00]} 19. exd5 {[%clk 0:40:56]} Nxd5 {[%clk 0:50:12]} 20. Rxd4
{[%clk 0:40:24]} Nxe3 {[%clk 0:49:18]} 21. Rxe3 {[%clk 0:40:01]} Qe7 {[%clk
0:42:22]} 22. Rde4 {[%clk 0:36:27]} Rxe4 {[%clk 0:41:54]} 23. Qxe4 {[%clk
0:36:23]} Qxe4 {[%clk 0:40:03]} 24. Rxe4 {[%clk 0:36:47]} Kf8 {[%clk 0:34:11]}
25. Kf1 {[%clk 0:28:48]} Re8 {[%clk 0:33:12]} 26. Nd2 {[%clk 0:29:09]} Rxe4
{[%clk 0:19:28]} 27. Nxe4 {[%clk 0:29:18]} b6 {[%clk 0:19:54]} 28. g3 {[%clk
0:25:37]} Ke7 {[%clk 0:18:38]} 29. Ke2 {[%clk 0:25:59]} f5 {[%clk 0:18:22]} 30.
Nd2 {[%clk 0:26:22]} Ke6 {[%clk 0:16:01]} 31. Nb3 {[%clk 0:20:27]} Kd5 {[%clk
0:11:43]} 32. Nd4 {[%clk 0:19:58]} Ne7 {[%clk 0:12:00]} 33. Kd3 {[%clk 0:19:50]}
c5 {[%clk 0:11:30]} 34. Nc2 {[%clk 0:15:51]} b5 {[%clk 0:05:44]} 35. axb5 {[%clk
0:07:12]} axb5 {[%clk 0:04:43]} 36. bxc5 {[%clk 0:05:30]} Kxc5 {[%clk 0:05:04]}
37. Nd4 {[%clk 0:05:56]} g6 {[%clk 0:04:57]} 38. h4 {[%clk 0:06:22]} Nc6 {[%clk
0:02:38]} 39. h5 {[%clk 0:03:04]} Ne5+ {[%clk 0:02:45]} 40. Ke3 {[%clk 0:30:58]}
gxh5 {[%clk 0:31:27]} 41. Nxf5 {[%clk 0:31:35]} Ng4+ {[%clk 0:27:49]} 42. Ke2
{[%clk 0:31:56]} Kc4 {[%clk 0:24:34]} 43. f3 {[%clk 0:31:47]} Ne5 {[%clk
0:22:51]} 44. f4 {[%clk 0:32:05]} Ng4 {[%clk 0:14:47]} 45. Kd2 {[%clk 0:28:45]}
Nf2 {[%clk 0:13:29]} 46. Nd6+ {[%clk 0:27:03]} Kd5 {[%clk 0:10:48]} 47. Nxb5
{[%clk 0:24:12]} Ne4+ {[%clk 0:09:53]} 48. Kd3 {[%clk 0:15:49]} Nxg3 {[%clk
0:10:10]} 49. c4+ {[%clk 0:16:13]} Kc5 {[%clk 0:07:51]} 50. Nd4 {[%clk 0:15:19]}
h4 {[%clk 0:07:45]} 51. f5 {[%clk 0:15:08]} Nh5 {[%clk 0:06:34]} 52. Ne6+ {[%clk
0:05:50]} Kc6 {[%clk 0:06:35]} 53. Ke4 {[%clk 0:04:52]} h3 {[%clk 0:06:36]} 54.
Kf3 {[%clk 0:05:14]} h2 {[%clk 0:06:54]} 55. Kg2 {[%clk 0:05:42]} h1=B+ {[%clk
0:06:53]} 56. Kxh1 {[%clk 0:06:07]} 1/2-1/2